000 00231nam a22000977a 4500
003 OSt
008 200922b ||||| |||| 00| 0 eng d
100 _aShakespeare, William
_91841
245 _aShakespeare's complete works
942 _cBK
999 _c16328
_d16328